000 00288nam a2200109Ia 4500
008 200302s9999 xx 000 0 und d
100 _aAnne Blythe Munro
245 _aSoft Furnishings Made Easy A Guide and Pattern Book
260 _bMethuen & Co., Ltd.,
260 _c1966
300 _a116 P.,
999 _c316
_d316